000 00274nam a22001337a 4500
008 181023b xxu||||| |||| 00| 0 eng d
020 _a9780321949257
041 _aeng
080 _a541
100 _a12
101 _aKIM
245 _aChemistry
_cBrown
942 _2udc
_cBK
999 _c50712
_d50712